PDC World Darts Championship 2026 - Statistics

General Stats
  • This quiz has been taken 142 times
  • The average score is 74 of 128
Answer Stats
Nationality Player % Correct
England Luke Humphries
100%
England Luke Littler
100%
Netherlands Michael van Gerwen
100%
Wales Gerwyn Price
99%
Netherlands Gian van Veen
95%
Wales Jonny Clayton
95%
England Michael Smith
95%
England Ross Smith
95%
Scotland Gary Anderson
94%
Northern Ireland Josh Rock
92%
England Stephen Bunting
92%
Netherlands Danny Noppert
91%
England Nathan Aspinall
90%
Scotland Peter Wright
90%
Australia Damon Heta
87%
Northern Ireland Daryl Gurney
87%
Germany Martin Schindler
87%
Belgium Dimitri Van den Bergh
84%
England James Wade
84%
Poland Krzysztof Ratajski
82%
Germany Ricardo Pietreczko
82%
England Rob Cross
82%
Belgium Mike De Decker
81%
Latvia Madars Razma
80%
England Chris Dobey
78%
Germany Gabriel Clemens
78%
Australia Simon Whitlock
78%
England Beau Greaves
76%
Sweden Jeffrey de Graaf
75%
Scotland Cameron Menzies
73%
Portugal José de Sousa
73%
France Thibault Tricole
73%
Netherlands Jermaine Wattimena
72%
Belgium Kim Huybrechts
72%
Austria Mensur Suljović
72%
Singapore Paul Lim
72%
Ireland William O'Connor
72%
Lithuania Darius Labanauskas
71%
Northern Ireland Brendan Dolan
70%
England Fallon Sherrock
70%
England Joe Cullen
70%
Netherlands Raymond van Barneveld
70%
Netherlands Dirk van Duijvenbode
68%
England Ryan Searle
68%
England Dave Chisnall
67%
Czechia Karel Sedláček
67%
Sweden Andreas Harrysson
66%
Norway Cor Dekker
66%
Croatia Boris Krčmar
65%
United States Leonard Gates
65%
New Zealand Haupai Puha
63%
Scotland Alan Soutar
62%
England Lisa Ashton
62%
England Luke Woodhouse
61%
Germany Niko Springer
61%
Canada Matt Campbell
59%
England Ryan Joyce
59%
Switzerland Stefan Bellmont
59%
Netherlands Wessel Nijman
59%
England Callan Rydz
58%
Germany Max Hopp
58%
England Scott Williams
58%
Germany Arno Merk
57%
Spain Cristo Reyes
57%
Ireland Kean Barry
57%
England Ritchie Edhouse
57%
Philippines Alexis Toylo
56%
India Nitin Kumar
56%
Northern Ireland Mickey Mansell
54%
England Andrew Gilding
53%
Philippines Laurence Ilagan
53%
Netherlands Noa-Lynn van Leuven
53%
Philippines Paolo Nebrida
53%
England Ricky Evans
53%
Netherlands Kevin Doets
52%
Germany Lukas Wenig
51%
Czechia Adam Gawlas
49%
Netherlands Wesley Plaisier
49%
England Ian White
48%
England Mervyn King
47%
Poland Sebastian Białecki
47%
Australia Joe Comito
46%
United States Stowe Buntz
46%
Canada David Cameron
44%
Hong Kong Man Lok Leung
44%
Netherlands Niels Zonneveld
44%
Netherlands Richard Veenstra
44%
England Charlie Manby
43%
England Connor Scutt
43%
Kenya David Munyua
43%
Belgium Mario Vandenbogaerde
43%
England Martin Lukeman
43%
Ireland Steve Lennon
43%
Wales David Davies
42%
Germany Dominik Grüllich
42%
England Justin Hood
42%
England Ryan Meikle
42%
Finland Teemu Harju
42%
England Bradley Brooks
41%
England James Hurrell
39%
Hungary Patrik Kovács
39%
Poland Krzysztof Kciuk
38%
Sweden Oskar Lukasiak
38%
England Gemma Hayter
37%
Belgium Andy Baetens
35%
Scotland Darren Beveridge
35%
England Ted Evetts
35%
England Dom Taylor
34%
Netherlands Jurjen van der Velde
34%
Japan Motomu Sakai
34%
Japan Ryūsei Azemoto
34%
New Zealand Jonny Tata
33%
China Zong Xiaochen
33%
United States Adam Sevada
32%
United States Alex Spellman
32%
Argentina Jesús Sálate
32%
England Cameron Crabtree
30%
Netherlands Jamai van den Herik
30%
Wales Nick Kenny
30%
Netherlands Chris Landman
28%
Australia Tim Pusey
27%
England Owen Bates
25%
England Stephen Burton
25%
England Adam Hunt
23%
Japan Mitsuhiko Tatsunami
23%
England Adam Lipscombe
20%
England Tavis Dudeney
19%
England Matthew Dennant
11%
No matching quizzes found
Score Distribution
Percent of People with Each Score
Percentile by Number Answered
Your Score History
You have not taken this quiz